| 000 | 00000nam##2200000za#4500 |
| 001 | 9.532893 |
| 003 | CaOODSP |
| 005 | 20210615083117 |
| 007 | ta |
| 008 | 150406|2000||||xxc||||| f|0| 0 fre|d |
| 020 | |a0-662-64566-9 |
| 040 | |aCaOODSP|bfre |
| 041 | |aeng |
| 041 | |afre |
| 043 | |an-cn--- |
| 086 | 1 |aC21-25/9-1999 |
| 110 | 1 |aCanada.|bIndustrie Canada. |bDirection de l'analyse micro-économique. |
| 245 | 13|aLe Canada manque-t-il le bateau technologique? : |bexamen des données sur les brevets / |cpar Manuel Trajtenberg. |
| 260 | |aOttawa - Ontario : |bIndustrie Canada. |c2000. |
| 300 | |aTexte français, 48p. : |bgraphiques, tableaux ; |c28 cm. |
| 490 | 1 |aDocument de discussion|v9 |
| 500 | |a«Dans ce document, nous tentons de jeter un peu de lumière sur la performance du Canada au chapitre de l'innovation en examinant des données très détaillées couvrant l'ensemble des brevets octroyés aux États-Unis à des inventeurs canadiens et une partie des brevets américains accordés à des ressortissants d'autres pays.»--Introduction. |
| 504 | |aBibliographie. |
| 520 | 3 |aDans ce document, nous tentons de jeter un peu de lumière sur la performance du Canada au chapitre de l'innovation en examinant des données très détaillées couvrant l'ensemble des brevets octroyés aux États-Unis à des inventeurs canadiens et une partie des brevets américains accordés à des ressortissants d'autres pays.--Introduction |
| 546 | |aBilingue |
| 563 | |aCouverture souple |
| 590 | |a00-51|b2000-12-29 |
| 691 | 07|aBrevet|2gcpds |
| 691 | 07|aInnovation technologique|2gcpds |
| 691 | 07|aProductivité industrielle|2gcpds |
| 691 | 07|aPropriété intellectuelle|2gcpds |
| 720 | 1 |aTrajtenberg, Manuel |
| 776 | 0#|tIs Canada missing the "technology boat"? |w(CaOODSP)9.571969 |
| 776 | 0#|tLe Canada manque-t-il le « bateau technologique »? |w(CaOODSP)9.602389 |
| 791 | |tIs Canada missing the "technology boat"? : |eeng|w(CaOODSP)9.532892 |
| 830 | #0|aDocument de discussion ;|v9|w(CaOODSP)9.509055 |